Introduction to logic design / (Record no. 214251)

000 -LEADER
fixed length control field 00962 a2200217 4500
003 - CONTROL NUMBER IDENTIFIER
control field Nust
005 - DATE AND TIME OF LATEST TRANSACTION
control field 20221228115727.0
010 ## - LIBRARY OF CONGRESS CONTROL NUMBER
LC control number 2003044277
020 ## - INTERNATIONAL STANDARD BOOK NUMBER
International Standard Book Number 0072865164
040 ## - CATALOGING SOURCE
Transcribing agency Nust
082 00 - DEWEY DECIMAL CLASSIFICATION NUMBER
Classification number 621.395,MAR
100 1# - MAIN ENTRY--PERSONAL NAME
Personal name Marcovitz, Alan B.
9 (RLIN) 62534
245 10 - TITLE STATEMENT
Title Introduction to logic design /
Statement of responsibility, etc. Alan B. Marcovitz.
250 ## - EDITION STATEMENT
Edition statement 2nd ed.
260 ## - PUBLICATION, DISTRIBUTION, ETC.
Place of publication, distribution, etc. Boston :
Name of publisher, distributor, etc. McGraw-Hill Higher Education,
Date of publication, distribution, etc. c2005.
300 ## - PHYSICAL DESCRIPTION
Extent xiv, 652 p. :
Other physical details ill. ;
Dimensions 24 cm. +
Accompanying material 1 CD-ROM (4 3/4 in.)
505 ## - FORMATTED CONTENTS NOTE
Formatted contents note Introduction (Page-1), Switching algebra and logic circuits (Page-45), The kernaugh Map (Page-129), Function minimization algorithms (Page-211), Larger combinational systems (Page-261), Analysis of sequential systems (Page-363), The design of sequential systems (Page-409), Solving larger sequential problems (Page-485), Simplification of sequential circuits (Page-533).
650 #0 - SUBJECT ADDED ENTRY--TOPICAL TERM
Topical term or geographic name entry element Logic circuits.
9 (RLIN) 17982
650 #0 - SUBJECT ADDED ENTRY--TOPICAL TERM
Topical term or geographic name entry element Logic design.
9 (RLIN) 17983
942 ## - ADDED ENTRY ELEMENTS (KOHA)
Source of classification or shelving scheme
Koha item type Book
Holdings
Withdrawn status Lost status Source of classification or shelving scheme Damaged status Not for loan Permanent Location Current Location Shelving location Date acquired Full call number Barcode Date last seen Price effective from Koha item type Public note
          Military College of Signals (MCS) Military College of Signals (MCS) General Stacks 12/12/2016 621.395,MAR MCS30834 12/08/2016 12/12/2016 Book Almirah No.40, Shelf No.3
© 2023 Central Library, National University of Sciences and Technology. All Rights Reserved.